Classement perpétuel Ligue 1-Ligue 2 : 2024 - Statistiques

Statistiques générales
  • Ce quiz a été pris 261 fois
    190 depuis la dernière actualisation
  • Le résultat moyen est 65 sur 151
Statistiques - réponses
Dernière année en Ligue 1 Nombre de saisons dans cette ligue Plus haute ligue atteinte Réponse % Correct
En cours 51 Ligue 1 PSG / Paris saint Germain / Paris
99%
En cours 74 Ligue 1 OM / Olympique de Marseille / Marseille
98%
En cours 65 Ligue 1 OL / Olympique Lyonnais / Lyon
96%
2022 69 Ligue 1 ASSE / Saint Etienne
94%
En cours 64 Ligue 1 Lille / LOSC
94%
En cours 65 Ligue 1 Nice
93%
2022 69 Ligue 1 Girondins de Bordeaux / Bordeaux
92%
En cours 67 Ligue 1 Stade rennais FC / Rennes
92%
En cours 34 Ligue 1 Toulouse FC / Toulouse
92%
1967 19 Ligue 1 Toulouse / Toulouse FC
92%
En cours 65 Ligue 1 Monaco
90%
En cours 56 Ligue 1 Nantes
90%
En cours 18 Ligue 1 Brest / stade brestois
88%
En cours 42 Ligue 1 Montpellier
88%
En cours 62 Ligue 1 Lens
87%
En cours 63 Ligue 1 Strasbourg
87%
2023 31 Ligue 1 Angers
85%
En cours 64 Ligue 1 Metz / FC Metz
85%
1934 2 Ligue 1 CA Paris-Charenton / Paris
84%
En cours 3 Ligue 1 Clermont-Ferrand / Clermont
84%
1979 3 Ligue 1 Paris FC / Paris
84%
En cours 39 Ligue 1 Reims / Stade de Reims
84%
En cours 25 Ligue 1 Le Havre
83%
En cours 17 Ligue 1 Lorient
81%
1943 7 Ligue 1 Olympique Lillois / Lille
81%
2019 18 Ligue 1 Caen
80%
2023 14 Ligue 1 Ajaccio / AC Ajaccio
79%
2023 33 Ligue 1 AJ Auxerre / Auxerre
79%
2017 34 Ligue 1 Bastia
79%
2014 1 Ligue 2 Bastia CA / Bastia
79%
2016 1 Ligue 1 Gazélec FC Ajaccio / Ajaccio
79%
2021 36 Ligue 1 Nimes
79%
1935 3 Ligue 1 SC Nimes / Nimes
79%
2014 66 Ligue 1 Sochaux Montbéliard / Sochaux
79%
1963 15 Ligue 1 FC Nancy / Nancy
76%
2017 30 Ligue 1 Nancy
76%
2021 6 Ligue 1 Dijon FCO / Dijon
75%
2010 4 Ligue 1 Grenoble
75%
2004 11 Ligue 2 Valence
75%
2019 13 Ligue 1 Guingamp / En avant Guingamp / EA Guingamp
73%
2020 3 Ligue 1 Amiens
72%
1978 8 Ligue 1 Troyes AF / Troyes
72%
2023 11 Ligue 1 Troyes / ESTAC de Troyes
72%
1975 16 Ligue 1 Red Star
70%
1985 19 Ligue 1 Rouen
70%
1946 1 Ligue 1 Lyon OU / Lyon
69%
En cours 4 Ligue 2 Pau
69%
En cours 33 Ligue 2 USL Dunkerque / Dunkerque
69%
En cours 7 Ligue 2 Annecy
67%
1989 13 Ligue 1 Laval / Stade Lavallois
67%
2014 33 Ligue 1 Valenciennes
67%
1985 4 Ligue 1 Tours
65%
2015 4 Ligue 1 Evian Thonon / Evian
63%
2020 19 Ligue 2 Orléans
62%
2007 23 Ligue 1 Sedan
62%
1993 12 Ligue 1 Toulon / SC Toulon
61%
1998 22 Ligue 1 Cannes / AS Cannes
59%
1950 1 Ligue 2 GSC Marseille / Marseille
58%
2010 6 Ligue 1 Le Mans
58%
En cours 9 Ligue 2 Rodez
58%
2010 1 Ligue 1 US Boulogne / Boulogne
56%
1988 1 Ligue 1 Chamois niortais / Niort
54%
1954 16 Ligue 1 Sète / SC Sète
52%
2011 1 Ligue 1 AC Arlésien / Arles-Avignon / Arles
51%
1998 1 Ligue 1 LB Châteauroux / Châteauroux
51%
2018 3 Ligue 2 Bourg en Bresse
49%
2005 1 Ligue 1 Istres FC / Istres
48%
1993 9 Ligue 2 La Roche Vendée / La Roche
47%
2011 3 Ligue 2 Vannes
47%
En cours 1 Ligue 2 Concarneau
46%
1955 10 Ligue 1 CO Roubaix-Tourcoing / Roubaix
44%
1990 6 Ligue 1 Mulhouse
44%
1982 1 Ligue 2 Calais
43%
1942 3 Ligue 1 RC Roubaix / Roubaix
43%
1961 3 Ligue 1 Limoges
42%
1949 1 Ligue 1 Stadium Racing Colmar / Colmar
42%
1996 3 Ligue 1 Martigues
41%
1976 1 Ligue 1 AC Avignonnais / Avignon
38%
1958 1 Ligue 1 AS Béziers / Béziers
38%
1974 2 Ligue 2 La Rochelle
35%
1990 16 Ligue 2 Quimper
35%
2004 42 Ligue 2 Racing Besancon / Besancon / Besançon
35%
1997 10 Ligue 2 Epinal
33%
1996 5 Ligue 2 Poitiers
33%
1996 1 Ligue 1 FC Gueugnon / Gueugnon
31%
2003 16 Ligue 2 Beauvais
30%
1972 3 Ligue 1 Angoulême
26%
1959 6 Ligue 1 Olympique d'Alès / Alès
26%
1982 9 Ligue 2 Blois
24%
2021 2 Ligue 2 Chambly
24%
1997 3 Ligue 2 St Brieuc
24%
1994 11 Ligue 2 Bourges
23%
1967 7 Ligue 2 Cherbourg
23%
1989 5 Ligue 2 Le Puy Foot / Le Puy
22%
1968 1 Ligue 1 AS Aix en Provence / Aix en Provence
21%
1997 5 Ligue 2 Charleville-Mézières / Charleville
21%
1976 1 Ligue 2 Cholet
20%
1984 3 Ligue 2 Villefranche
20%
1976 2 Ligue 2 Nevers
19%
1967 15 Ligue 1 Stade français
19%
1991 2 Ligue 2 St Quentin
19%
2008 9 Ligue 2 Libourne
18%
1987 8 Ligue 2 Thonon-Chablais / Thonon
18%
1972 1 Ligue 2 Evreux
16%
1933 1 Ligue 1 Hyères FC / Hyères
15%
1940 7 Ligue 1 Antibes
13%
1947 1 Ligue 2 Antibes
13%
2000 17 Ligue 2 Louhans-Cuiseaux / Louhans
13%
1966 1 Ligue 2 Marignane
13%
1973 3 Ligue 2 Montélimar
13%
1949 3 Ligue 2 Douai
12%
1988 3 Ligue 2 Melun
12%
2003 6 Ligue 2 Wasquehal
12%
1991 16 Ligue 2 Chaumont
11%
1990 10 Ligue 2 Montluçon
11%
1990 30 Ligue 1 Racing club de France / France
10%
1990 10 Ligue 2 Abbeville
9%
2016 15 Ligue 2 Créteil Lusitanos
9%
1975 5 Ligue 2 Cambrai
8%
1997 13 Ligue 2 Canet Rousillon / Canet
8%
1972 2 Ligue 2 Creil
8%
1966 9 Ligue 2 Forbach
8%
1943 7 Ligue 1 SC Fives / Fives
8%
1988 1 Ligue 2 Chatellerault
6%
1933 1 Ligue 1 Club Français / France
6%
1978 10 Ligue 2 Fontainebleau
6%
1978 1 Ligue 2 Haguenau
6%
1990 7 Ligue 2 Montceau Bourgogne / Montceau
6%
1988 2 Ligue 2 St Dizier
6%
1993 2 Ligue 2 Ancenis
5%
1981 3 Ligue 2 Jura Dolois / Jura
5%
1975 4 Ligue 2 Hazebrouck
4%
1982 7 Ligue 2 Saint Dié
4%
1983 2 Ligue 2 Corbeil-Essonnes / Corbeil
3%
1945 7 Ligue 1 Excelsior AC / Excelsior
3%
1981 2 Ligue 2 Montmorillon
3%
1983 6 Ligue 2 Noeux les Mines
3%
1983 1 Ligue 2 Viry-Chatillon / Viry
3%
1972 4 Ligue 2 Joinville
2%
1973 3 Ligue 2 La Ciotat
2%
1980 4 Ligue 2 Lucé
2%
1978 1 Ligue 2 Poissy
2%
1974 1 Ligue 2 Vittel
2%
1983 1 Ligue 2 Blénod - Pont à Mousson / Pont à Mousson
1%
1989 1 Ligue 2 Le Touquet
1%
1976 1 Ligue 2 Malakoff
1%
1971 1 Ligue 2 Merlebach
1%
1972 1 Ligue 2 Mouzon
1%
1970 1 Ligue 2 Neuilly sur Marne
1%
1981 2 Ligue 2 Thionville Lusitanos
1%
1975 4 Ligue 2 Mantes La VIlle
0%
Aucun quiz correspondant
Distribution des résultats
% des personnes avec chaque résultat
Percentile par nombre de réponses
Votre historique - résultats
Vous n’avez pas pris ce quiz depuis la dernière actualisation